[Event "European Youth Chess Championship B18"]
[Site "Prague, Top Hotel Prague"]
[Date "2012.08.25"]
[Round "9.9"]
[White "Zhou, Yang-Fan"]
[Black "Tomazini, Zan"]
[Result "1/2-1/2"]
[WhiteElo "2430"]
[BlackElo "2345"]
[PlyCount "0"]
[EventDate "2012.08.17"]

1. e4 {[%clk 1:30:57]} e5 {[%clk 1:30:54]} 2. Nf3 {[%clk 1:31:23]} Nc6
{[%clk 1:31:19]} 3. d4 {[%clk 1:31:49]} exd4 {[%clk 1:31:42]} 4. Nxd4
{[%clk 1:32:15]} Bb4+ {[%clk 1:32:02]} 5. c3 {[%clk 1:32:38]} Bc5
{[%clk 1:32:27]} 6. Be3 {[%clk 1:33:02]} Bb6 {[%clk 1:32:52]} 7. Nf5
{[%clk 1:33:28]} g6 {[%clk 1:32:43]} 8. Bxb6 {[%clk 1:33:48]} axb6
{[%clk 1:33:07]} 9. Ne3 {[%clk 1:34:13]} Nf6 {[%clk 1:33:09]} 10. f3
{[%clk 1:34:30]} O-O {[%clk 1:33:18]} 11. c4 {[%clk 1:34:38]} d6 {[%clk 1:33:13]}
12. Nc3 {[%clk 1:34:41]} Nh5 {[%clk 1:33:15]} 13. Qd2 {[%clk 1:34:08]} Ng7
{[%clk 1:33:24]} 14. O-O-O {[%clk 1:23:04]} f5 {[%clk 1:32:43]} 15. Bd3
{[%clk 1:20:16]} f4 {[%clk 1:17:45]} 16. Ned5 {[%clk 1:16:13]} Nd4
{[%clk 1:17:59]} 17. Kb1 {[%clk 1:06:30]} Nge6 {[%clk 1:17:29]} 18. Ne2
{[%clk 1:05:23]} Nxe2 {[%clk 1:16:17]} 19. Bxe2 {[%clk 1:05:33]} Qg5
{[%clk 1:06:43]} 20. g3 {[%clk 0:52:17]} Rf7 {[%clk 1:06:35]} 21. h4
{[%clk 0:36:39]} Qe5 {[%clk 1:05:47]} 22. h5 {[%clk 0:33:39]} g5 {[%clk 1:04:21]}
23. gxf4 {[%clk 0:33:33]} Nxf4 {[%clk 1:00:27]} 24. h6 {[%clk 0:29:42]} Kh8
{[%clk 0:54:53]} 25. Rdg1 {[%clk 0:27:12]} Be6 {[%clk 0:52:25]} 26. Bf1
{[%clk 0:22:04]} b5 {[%clk 0:44:34]} 27. Qc3 {[%clk 0:14:23]} Qxc3
{[%clk 0:37:09]} 28. Nxc3 {[%clk 0:14:51]} bxc4 {[%clk 0:34:31]} 29. Rxg5
{[%clk 0:15:15]} c6 {[%clk 0:33:24]} 30. Ne2 {[%clk 0:13:05]} b5 {[%clk 0:29:18]}
31. Nxf4 {[%clk 0:04:44]} Rxf4 {[%clk 0:29:43]} 32. Bh3 {[%clk 0:05:09]} Rh4
{[%clk 0:26:43]} 33. Bg2 {[%clk 0:05:37]} Rxh1+ {[%clk 0:26:55]} 34. Bxh1
{[%clk 0:06:06]} Rg8 {[%clk 0:19:31]} 35. Rxg8+ {[%clk 0:06:08]} Kxg8
{[%clk 0:19:56]} 36. Kc2 {[%clk 0:06:26]} Kf7 {[%clk 0:18:17]} 37. f4
{[%clk 0:06:48]} c5 {[%clk 0:15:28]} 38. a4 {[%clk 0:03:06]} bxa4
{[%clk 0:14:49]} 39. Kc3 {[%clk 0:03:30]} Kf6 {[%clk 0:12:19]} 40. Bf3
{[%clk 0:33:52]} Bf7 {[%clk 0:38:25]} 41. Bg4 {[%clk 0:31:20]} d5
{[%clk 0:29:35]} 42. e5+ {[%clk 0:29:09]} Ke7 {[%clk 0:29:59]} 43. f5
{[%clk 0:25:19]} d4+ {[%clk 0:29:53]} 44. Kc2 {[%clk 0:24:57]} Kf8
{[%clk 0:19:32]} 45. Bf3 {[%clk 0:21:36]} c3 {[%clk 0:10:50]} 46. e6
{[%clk 0:18:09]} cxb2 {[%clk 0:11:08]} 47. Kxb2 {[%clk 0:13:05]} Be8
{[%clk 0:07:10]} 48. f6 {[%clk 0:13:09]} c4 {[%clk 0:07:21]} 49. Be4
{[%clk 0:09:49]} c3+ {[%clk 0:06:25]} 50. Ka3 {[%clk 0:07:55]} Bb5
{[%clk 0:01:49]} 51. Bg6 {[%clk 0:05:10]} Kg8 {[%clk 0:00:34]} 52. Bxh7+
{[%clk 0:04:08]} Kxh7 {[%clk 0:01:01]} 53. f7 {[%clk 0:04:34]} c2
{[%clk 0:01:14]} 54. Kb2 {[%clk 0:04:59]} a3+ {[%clk 0:01:10]} 55. Kxc2
{[%clk 0:04:21]} d3+ {[%clk 0:01:37]} 56. Kb1 {[%clk 0:00:38]} d2
{[%clk 0:01:44]} 57. Kc2 {[%clk 0:01:03]} a2 {[%clk 0:01:56]} 58. f8=Q
{[%clk 0:01:24]} d1=Q+ {[%clk 0:01:55]} 59. Kxd1 {[%clk 0:01:47]} a1=Q+
{[%clk 0:02:21]} 60. Kc2 {[%clk 0:01:22]} Qa2+ {[%clk 0:02:34]} 61. Kc3
{[%clk 0:01:24]} Qc4+ {[%clk 0:02:53]} 62. Kb2 {[%clk 0:01:17]} Qd4+
{[%clk 0:03:09]} 63. Kb3 {[%clk 0:00:57]} Bc4+ {[%clk 0:02:38]} 64. Kb4
{[%clk 0:01:05]} Bxe6+ {[%clk 0:03:03]} 65. Ka5 {[%clk 0:01:00]} Qa7+
{[%clk 0:02:51]} 66. Kb5 {[%clk 0:00:44]} Bd7+ {[%clk 0:01:32]} 67. Kc4
{[%clk 0:01:07]} Qa2+ {[%clk 0:01:15]} 68. Kd4 {[%clk 0:01:17]} Qd2+
{[%clk 0:01:13]} 69. Kc4 {[%clk 0:00:57]} Be6+ {[%clk 0:01:28]} 70. Kc5
{[%clk 0:01:05]} Qa5+ {[%clk 0:01:06]} 71. Kc6 {[%clk 0:00:52]} Bd5+
{[%clk 0:01:26]} 72. Kd7 {[%clk 0:01:09]} Qa7+ {[%clk 0:01:08]} 73. Kd8
{[%clk 0:01:19]} Qb8+ {[%clk 0:01:19]} 74. Ke7 {[%clk 0:01:44]} Qb4+
{[%clk 0:01:29]} 75. Ke8 {[%clk 0:02:13]} Bc6+ {[%clk 0:01:33]} 76. Kf7
{[%clk 0:02:42]} Qc4+ {[%clk 0:01:17]} 77. Kf6 {[%clk 0:01:24]} Qh4+
{[%clk 0:00:56]} 78. Ke6 {[%clk 0:00:55]} Qe4+ {[%clk 0:01:11]} 79. Kf6
{[%clk 0:00:57]} Qf4+ {[%clk 0:01:07]} 80. Ke7 {[%clk 0:01:25]} Qb4+
{[%clk 0:01:18]} 81. Kf7 {[%clk 0:01:53]} Bd5+ {[%clk 0:01:42]} 82. Ke8
{[%clk 0:02:18]} Qb8+ {[%clk 0:01:59]} 83. Ke7 {[%clk 0:02:47]} Qc7+
{[%clk 0:02:18]} 84. Kf6 {[%clk 0:03:07]} Qf4+ {[%clk 0:02:10]} 85. Ke7
{[%clk 0:03:36]} Qb4+ {[%clk 0:01:12]} 86. Ke8 {[%clk 0:04:05]} Bc6+
{[%clk 0:00:57]} 87. Kf7 {[%clk 0:04:20]} Qc4+ {[%clk 0:01:20]} 88. Kf6
{[%clk 0:04:30]} Qd4+ {[%clk 0:01:38]} 89. Ke7 {[%clk 0:03:01]} Qe5+
{[%clk 0:01:58]} 90. Kd8 {[%clk 0:03:21]} Qd5+ {[%clk 0:02:11]} 91. Kc7
{[%clk 0:02:38]} Qd7+ {[%clk 0:02:22]} 92. Kb6 {[%clk 0:03:06]} Qb7+
{[%clk 0:02:40]} 93. Kc5 {[%clk 0:03:35]} Qb5+ {[%clk 0:02:53]} 94. Kd4
{[%clk 0:04:03]} Qd5+ {[%clk 0:03:12]} 95. Ke3 {[%clk 0:04:22]} Qe4+
{[%clk 0:03:32]} 96. Kf2 {[%clk 0:04:40]} Qd4+ {[%clk 0:03:41]} 97. Ke2
{[%clk 0:02:10]} Bb5+ {[%clk 0:03:56]} 98. Kf3 {[%clk 0:02:27]} Qd3+
{[%clk 0:04:07]} 99. Kg4 {[%clk 0:01:01]} Bd7+ {[%clk 0:03:39]} 100. Kg5
{[%clk 0:01:19]} Qd5+ {[%clk 0:03:56]} 101. Kf4 {[%clk 0:00:54]} Qd4+
{[%clk 0:04:12]} 102. Kf3 {[%clk 0:01:00]} Qd3+ {[%clk 0:03:16]} 103. Kf2
{[%clk 0:01:15]} Qd2+ {[%clk 0:02:27]} 104. Kg3 {[%clk 0:01:33]} Qg5+
{[%clk 0:02:36]} 105. Kf2 {[%clk 0:01:53]} Qh4+ {[%clk 0:02:56]} 106. Ke3
{[%clk 0:02:13]} Qe1+ {[%clk 0:03:14]} 107. Kd4 {[%clk 0:02:18]} Qd2+
{[%clk 0:03:33]} 108. Kc5 {[%clk 0:01:01]} Qc3+ {[%clk 0:03:49]} 109. Kd5
{[%clk 0:01:18]} Bc6+ {[%clk 0:04:06]} 110. Ke6 {[%clk 0:01:37]} Qc4+
{[%clk 0:04:16]} 111. Kf6 {[%clk 0:01:31]} Qf4+ {[%clk 0:04:30]} 112. Ke7
{[%clk 0:01:58]} Qe5+ {[%clk 0:04:12]} 113. Kd8 {[%clk 0:02:02]} Qd5+
{[%clk 0:03:47]} 114. Kc7 {[%clk 0:02:14]} Qd7+ {[%clk 0:03:57]} 1/2-1/2

[Event "European Youth Chess Championship B18"]
[Site "Prague, Top Hotel Prague"]
[Date "2012.08.25"]
[Round "9.10"]
[White "Nikologorskiy, Konstantin"]
[Black "Godart, Francois"]
[Result "1-0"]
[WhiteElo "2400"]
[BlackElo "2337"]
[PlyCount "0"]
[EventDate "2012.08.17"]

1. c4 {[%clk 1:30:59]} e6 {[%clk 1:30:45]} 2. g3 {[%clk 1:30:45]} d5
{[%clk 1:30:31]} 3. Bg2 {[%clk 1:31:06]} Nf6 {[%clk 1:29:14]} 4. d4
{[%clk 1:30:50]} dxc4 {[%clk 1:28:35]} 5. Qa4+ {[%clk 1:31:14]} Nbd7
{[%clk 1:28:50]} 6. Qxc4 {[%clk 1:25:59]} a6 {[%clk 1:29:11]} 7. Qc2
{[%clk 1:26:26]} c5 {[%clk 1:24:10]} 8. Nf3 {[%clk 1:25:32]} Ra7 {[%clk 1:21:30]}
9. O-O {[%clk 1:21:03]} b6 {[%clk 1:19:12]} 10. Rd1 {[%clk 1:10:51]} Bb7
{[%clk 1:16:43]} 11. Be3 {[%clk 1:07:08]} Nd5 {[%clk 1:00:52]} 12. Bg5
{[%clk 1:07:30]} Be7 {[%clk 1:00:44]} 13. Bxe7 {[%clk 1:06:46]} Qxe7
{[%clk 1:01:07]} 14. e4 {[%clk 1:02:52]} Nb4 {[%clk 1:00:11]} 15. Qe2
{[%clk 1:02:55]} cxd4 {[%clk 0:59:55]} 16. Nxd4 {[%clk 1:02:41]} O-O
{[%clk 0:58:58]} 17. Nc3 {[%clk 1:01:16]} Raa8 {[%clk 0:51:22]} 18. Rac1
{[%clk 0:59:26]} Rfc8 {[%clk 0:39:24]} 19. Nf3 {[%clk 0:49:29]} Rd8
{[%clk 0:33:28]} 20. Qe3 {[%clk 0:39:51]} h6 {[%clk 0:20:22]} 21. Na4
{[%clk 0:34:37]} b5 {[%clk 0:18:53]} 22. Rc7 {[%clk 0:34:48]} bxa4
{[%clk 0:12:46]} 23. Rxb7 {[%clk 0:34:24]} Nc6 {[%clk 0:12:09]} 24. Rc7
{[%clk 0:30:24]} Ndb8 {[%clk 0:09:29]} 25. Rxd8+ {[%clk 0:22:56]} Qxd8
{[%clk 0:09:54]} 26. Rb7 {[%clk 0:23:23]} Na5 {[%clk 0:06:29]} 27. Ra7
{[%clk 0:19:53]} Rxa7 {[%clk 0:06:25]} 28. Qxa7 {[%clk 0:20:21]} Qd1+
{[%clk 0:06:39]} 29. Bf1 {[%clk 0:20:50]} Nbc6 {[%clk 0:06:58]} 30. Qe3
{[%clk 0:19:47]} Qb1 {[%clk 0:05:47]} 31. Qc3 {[%clk 0:19:21]} Qxa2
{[%clk 0:05:16]} 32. Nd2 {[%clk 0:16:42]} e5 {[%clk 0:04:06]} 33. Bxa6
{[%clk 0:17:03]} Qe6 {[%clk 0:04:14]} 34. Bb5 {[%clk 0:17:15]} Qd6
{[%clk 0:03:19]} 35. Bxa4 {[%clk 0:17:35]} Nb4 {[%clk 0:03:10]} 36. Nf3
{[%clk 0:13:15]} Nac6 {[%clk 0:03:11]} 37. Kg2 {[%clk 0:13:39]} Nd4
{[%clk 0:02:21]} 38. Qc8+ {[%clk 0:13:57]} Kh7 {[%clk 0:02:46]} 39. Be8
{[%clk 0:13:55]} Qf6 {[%clk 0:01:28]} 40. Nxd4 {[%clk 0:39:34]} exd4
{[%clk 0:31:56]} 41. Qf5+ {[%clk 0:26:51]} Qxf5 {[%clk 0:31:05]} 42. exf5
{[%clk 0:27:20]} Nd3 {[%clk 0:29:24]} 43. b3 {[%clk 0:26:24]} Kg8
{[%clk 0:29:29]} 44. Kf3 {[%clk 0:25:41]} Nc1 {[%clk 0:22:39]} 45. Ba4
{[%clk 0:24:41]} Nd3 {[%clk 0:20:52]} 46. Bb5 {[%clk 0:23:16]} Nc1
{[%clk 0:13:31]} 47. Bc4 {[%clk 0:23:33]} Kf8 {[%clk 0:13:48]} 48. b4
{[%clk 0:23:05]} 1-0

[Event "European Youth Chess Championship B18"]
[Site "Prague, Top Hotel Prague"]
[Date "2012.08.25"]
[Round "9.11"]
[White "Emiroglu, Cankut"]
[Black "Kriebel, Tadeas"]
[Result "1/2-1/2"]
[WhiteElo "2299"]
[BlackElo "2376"]
[PlyCount "36"]
[EventDate "2012.08.17"]

1. Nf3 Nf6 2. g3 e6 3. Bg2 d5 4. d3 Be7 5. Nbd2 c5 6. e4 Nc6 7. O-O O-O 8. Re1
b6 9. e5 Nd7 10. Nf1 Ba6 11. h4 Rc8 12. N1h2 Nd4 13. Bf4 b5 14. h5 b4 15. Ng4
Nb6 16. a3 Bb5 17. axb4 Nxf3+ 18. Bxf3 cxb4 {...45.} 1/2-1/2

[Event "European Youth Chess Championship B18"]
[Site "Prague, Top Hotel Prague"]
[Date "2012.08.25"]
[Round "9.12"]
[White "Handler, Lukas"]
[Black "Ochsner, Bjorn Moller"]
[Result "1-0"]
[WhiteElo "2368"]
[BlackElo "2290"]
[PlyCount "111"]
[EventDate "2012.08.17"]

1. d4 Nf6 2. c4 g6 3. Nc3 Bg7 4. e4 d6 5. Nf3 O-O 6. Be2 e5 7. O-O Na6 8. Be3
Ng4 9. Bg5 Qe8 10. dxe5 dxe5 11. h3 h6 12. Bc1 Nf6 13. Be3 Qe7 14. a3 Nc5 15.
Qc2 c6 16. b4 Ncd7 17. Nd2 Ne8 18. Bd3 Nc7 19. c5 Ne6 20. Ne2 Nd4 21. Nxd4 exd4
22. Bf4 Ne5 23. Nc4 Nxc4 24. Qxc4 Re8 25. Rae1 a5 26. Bd6 Qh4 27. b5 Be6 28.
Qc2 a4 29. e5 Bd5 30. Bc4 d3 31. Bxd3 Qd4 32. Re3 Re6 33. Rfe1 Rae8 34. Be4
Bxe5 35. Bxd5 cxd5 36. Bxe5 Rxe5 37. Rxe5 Rxe5 38. Rxe5 Qa1+ 39. Kh2 Qxe5+ 40.
g3 Qc7 41. c6 bxc6 42. bxc6 h5 43. h4 g5 44. hxg5 h4 45. g6 f6 46. Qxa4 hxg3+
47. fxg3 Qb8 48. Qc2 Kg7 49. c7 Qh8+ 50. Kg1 Qc8 51. Qc5 Kxg6 52. Qe7 Qg4 53.
Qe8+ Kg7 54. c8=Q Qxg3+ 55. Kf1 Qf3+ 56. Ke1 1-0

[Event "European Youth Chess Championship B18"]
[Site "Prague, Top Hotel Prague"]
[Date "2012.08.25"]
[Round "9.13"]
[White "Dragun, Kamil"]
[Black "Pagerka, Martin"]
[Result "1-0"]
[WhiteElo "2465"]
[BlackElo "2258"]
[PlyCount "39"]
[EventDate "2012.08.17"]

1. e4 e5 2. Nf3 Nf6 3. d4 Nxe4 4. Bd3 d5 5. dxe5 Be7 6. O-O O-O 7. Nc3 Nxc3 8.
bxc3 c6 9. Nd4 f5 10. Qf3 Nd7 11. Bxf5 Nxe5 12. Bxh7+ Kxh7 13. Qh5+ Kg8 14.
Qxe5 Bf6 15. Qh5 c5 16. Ne2 Re8 17. Be3 b6 18. Rad1 Re5 19. Qf3 Bg5 20. Ng3 {
...45.} 1-0

[Event "European Youth Chess Championship B18"]
[Site "Prague, Top Hotel Prague"]
[Date "2012.08.25"]
[Round "9.14"]
[White "Berchtenbreiter, Maximilian"]
[Black "Tilicheev, Viacheslav"]
[Result "1-0"]
[WhiteElo "2326"]
[BlackElo "2416"]
[PlyCount "63"]
[EventDate "2012.08.17"]

1. e4 e5 2. Nf3 Nc6 3. Bc4 Nf6 4. d3 h6 5. c3 g6 6. Qe2 Bg7 7. h3 d6 8. Bb3 Qe7
9. Nbd2 O-O 10. Nf1 Be6 11. Bc2 d5 12. g4 Nh7 13. Rg1 Ng5 14. Nxg5 hxg5 15. Ne3
d4 16. Nf5 Qd8 17. Qd2 f6 18. h4 gxf5 19. gxf5 Bf7 20. Qe2 Re8 21. hxg5 Kf8 22.
Rh1 fxg5 23. Qg4 Bf6 24. Rh6 Nb8 25. Bd2 a5 26. Ke2 Nd7 27. Rah1 Ke7 28. Bxg5
Ra6 29. Rh7 Rg8 30. Rxf7+ Kxf7 31. Rh7+ Rg7 32. Rxg7+ 1-0

[Event "European Youth Chess Championship B18"]
[Site "Prague, Top Hotel Prague"]
[Date "2012.08.25"]
[Round "9.15"]
[White "Franklin, Samuel G A"]
[Black "Sochacki, Christophe"]
[Result "1/2-1/2"]
[WhiteElo "2264"]
[BlackElo "2412"]
[PlyCount "80"]
[EventDate "2012.08.17"]

1. e4 c5 2. Nf3 e6 3. d4 cxd4 4. Nxd4 Nf6 5. Nc3 Nc6 6. Ndb5 Bc5 7. Bf4 O-O 8.
Bc7 Qe7 9. Bd6 Bxd6 10. Qxd6 Ne8 11. Qxe7 Nxe7 12. O-O-O f5 13. Nd6 Nxd6 14.
Rxd6 fxe4 15. Nxe4 Nf5 16. Rd2 b6 17. Bd3 Bb7 18. Re1 Bc6 19. f3 Rae8 20. Nc3
Re7 21. Bb5 Rc8 22. Bxc6 Rxc6 23. Nb5 Rc5 24. Nd6 Nxd6 25. Rxd6 Kf7 26. Kd2 Ke8
27. Re4 Kd8 28. Rd3 Kc7 29. Rc3 Rxc3 30. Kxc3 d5 31. Re5 Kd6 32. f4 Rf7 33. g3
h6 34. h4 Rf6 35. Kd3 Rg6 36. Re3 Rf6 37. Re5 Rg6 38. Re3 Rf6 39. Re5 Rg6 40.
Re3 Rf6 1/2-1/2

[Event "European Youth Chess Championship B18"]
[Site "Prague, Top Hotel Prague"]
[Date "2012.08.25"]
[Round "9.16"]
[White "Lewicki, Miroslaw"]
[Black "Danilenko, Dmitriy"]
[Result "1-0"]
[WhiteElo "2200"]
[BlackElo "2395"]
[PlyCount "113"]
[EventDate "2012.08.17"]

1. e4 c5 2. Nf3 d6 3. d4 cxd4 4. Nxd4 Nf6 5. Nc3 a6 6. Bg5 Nbd7 7. f4 Qc7 8.
Qf3 h6 9. Bh4 g5 10. fxg5 hxg5 11. Bxg5 Qc5 12. Nf5 e6 13. Bxf6 Nxf6 14. Ne3
Nd7 15. Ng4 Ne5 16. Nxe5 Qxe5 17. g3 Bg7 18. Bd3 Qc5 19. Ke2 b5 20. Raf1 Qc7
21. a4 b4 22. Nd1 Bb7 23. b3 f5 24. g4 d5 25. exf5 d4 26. Be4 Qe5 27. Nf2 Rc8
28. Qg3 Rxc2+ 29. Kd1 Bxe4 30. Qxe5 Bxe5 31. Nxe4 Ra2 32. Nc5 d3 33. Nxd3 Bc3
34. Rf2 Ra1+ 35. Nc1 O-O 36. Ke2 exf5 37. gxf5 Re8+ 38. Kd3 Rb1 39. Rhf1 Kf7
40. Kc4 Rc8+ 41. Kd5 Bf6 42. Nd3 Rd8+ 43. Ke4 Rd4+ 44. Ke3 Rxb3 45. Rd1 Ra3 46.
Rc2 Rd7 47. Rc6 a5 48. Ra6 Re7+ 49. Kf4 Rxa4 50. Nc5 Ra2 51. Ne4 Be5+ 52. Kf3
Ke8 53. f6 Bxf6 54. Nxf6+ Kf7 55. Ng4 b3 56. Nh6+ Kf8 57. Rg1 1-0

[Event "European Youth Chess Championship B18"]
[Site "Prague, Top Hotel Prague"]
[Date "2012.08.25"]
[Round "9.17"]
[White "Straka, Jozef"]
[Black "Abbasov, Amil"]
[Result "1-0"]
[WhiteElo "2360"]
[BlackElo "2209"]
[PlyCount "73"]
[EventDate "2012.08.17"]

1. d4 Nf6 2. c4 c5 3. d5 e6 4. Nc3 exd5 5. cxd5 d6 6. Nf3 g6 7. Nd2 Bg7 8. e4
O-O 9. Be2 Re8 10. O-O Na6 11. Re1 Nc7 12. h3 Rb8 13. a4 b6 14. Qc2 a6 15. Rb1
b5 16. b4 c4 17. Bb2 Bd7 18. a5 Re7 19. Rbd1 Qe8 20. Kf1 Qc8 21. Bf3 Nfe8 22.
Kg1 Be5 23. Nf1 Ng7 24. Ng3 Nce8 25. Nce2 h5 26. Bc3 h4 27. Nf1 f5 28. Ne3 Nf6
29. Nf4 Kf7 30. exf5 Nxf5 31. Ne6 Bxe6 32. dxe6+ Qxe6 33. Nd5 Rd7 34. Nxf6 Kxf6
35. Bd5 Qe7 36. f4 Nd4 37. Rxd4 1-0

[Event "European Youth Chess Championship B18"]
[Site "Prague, Top Hotel Prague"]
[Date "2012.08.25"]
[Round "9.18"]
[White "Shahinyan, David"]
[Black "Pecurica, Milos"]
[Result "1-0"]
[WhiteElo "2351"]
[BlackElo "2132"]
[PlyCount "57"]
[EventDate "2012.08.17"]

1. e4 e5 2. Nf3 Nc6 3. Bc4 Bc5 4. O-O Nf6 5. d4 exd4 6. e5 d5 7. exf6 dxc4 8.
Re1+ Be6 9. Ng5 Qd5 10. Nc3 Qf5 11. Nce4 O-O-O 12. g4 Qe5 13. Nxe6 fxe6 14.
fxg7 Rhg8 15. Bh6 d3 16. c3 Be7 17. Qf3 Qd5 18. Qf7 Rde8 19. Rad1 Ne5 20. Qf4
Ng6 21. Qe3 Ne5 22. Qf4 Ng6 23. Qg3 Bd6 24. Qe3 Ne5 25. h3 Be7 26. b3 Rd8 27.
bxc4 Qxc4 28. Nd2 Qxa2 29. Qxe5 1-0

[Event "European Youth Chess Championship B18"]
[Site "Prague, Top Hotel Prague"]
[Date "2012.08.25"]
[Round "9.19"]
[White "Braun, Marek"]
[Black "Doros, Radu-Marian"]
[Result "1-0"]
[WhiteElo "2200"]
[BlackElo "2338"]
[PlyCount "101"]
[EventDate "2012.08.17"]

1. e4 c5 2. Nf3 d6 3. d4 cxd4 4. Nxd4 Nf6 5. Nc3 a6 6. h3 e6 7. g4 h6 8. Bg2
Qc7 9. O-O Nc6 10. b3 Be7 11. Bb2 Nxd4 12. Qxd4 e5 13. Qd3 Be6 14. Nd5 Bxd5 15.
exd5 Nd7 16. f4 Bf6 17. Rae1 O-O 18. c4 Qc5+ 19. Kh1 exf4 20. Bc1 Be5 21. Qf5
Qc7 22. Bxf4 Rae8 23. Bd2 b5 24. Rc1 Qd8 25. cxb5 axb5 26. Bb4 Nc5 27. Bxc5
dxc5 28. Rxc5 b4 29. Rc2 Bb8 30. Rc6 Re5 31. Qf2 Qe7 32. Qc5 Qh4 33. Rc8 Rfe8
34. Rxe8+ Rxe8 35. Qc6 Rd8 36. Qb6 Qe7 37. Bf3 Bc7 38. Qf2 Re8 39. Bd1 f6 40.
Qg2 Qd6 41. Be2 Re3 42. Rf3 Re4 43. Rf2 Re8 44. Bf1 Re1 45. Re2 Ra1 46. Qf3 Qd7
47. Kg2 Be5 48. Rc2 Qd6 49. g5 fxg5 50. Rc8+ Kh7 51. Bd3+ 1-0

[Event "European Youth Chess Championship B18"]
[Site "Prague, Top Hotel Prague"]
[Date "2012.08.25"]
[Round "9.20"]
[White "Verstraeten, Reinaert"]
[Black "Ostovic, Matija"]
[Result "1/2-1/2"]
[WhiteElo "2191"]
[BlackElo "2290"]
[PlyCount "77"]
[EventDate "2012.08.17"]

1. d4 d5 2. c4 c6 3. Nf3 Nf6 4. Nc3 a6 5. a4 a5 6. e3 e6 7. Be2 Be7 8. O-O O-O
9. Qc2 Na6 10. e4 Nb4 11. Qb1 b6 12. Rd1 Bb7 13. Ne5 Qc8 14. Bf3 Rd8 15. Be3 c5
16. b3 cxd4 17. Bxd4 Bc5 18. exd5 exd5 19. Bxc5 Qxc5 20. Nxd5 Nbxd5 21. cxd5
Bxd5 22. Bxd5 Rxd5 23. Rxd5 Nxd5 24. Qd3 Re8 25. Nc4 h6 26. g3 Nf6 27. Qd6 Qxd6
28. Nxd6 Re6 29. Nc4 Kf8 30. Kf1 Ke7 31. Re1 Ne4 32. Re3 Nc5 33. Rc3 Ne4 34.
Re3 Nc5 35. Rc3 Ne4 36. Re3 Nc5 37. Rc3 Ne4 38. Re3 Nc5 39. Rc3 1/2-1/2

[Event "European Youth Chess Championship B18"]
[Site "Prague, Top Hotel Prague"]
[Date "2012.08.25"]
[Round "9.21"]
[White "Jovanovic, Bojan P"]
[Black "Gaehwiler, Gabriel"]
[Result "1/2-1/2"]
[WhiteElo "2179"]
[BlackElo "2267"]
[PlyCount "81"]
[EventDate "2012.08.17"]

1. d4 Nf6 2. c4 g6 3. Nc3 Bg7 4. e4 d6 5. f3 O-O 6. Be3 c5 7. Nge2 Nc6 8. dxc5
dxc5 9. Qxd8 Rxd8 10. Bxc5 Nd7 11. Ba3 Nde5 12. Nf4 e6 13. Rd1 Nd4 14. Kf2 b6
15. Nb5 Nec6 16. b3 Rd7 17. Nxd4 Bxd4+ 18. Ke1 Bb7 19. Bd3 Be3 20. Nh3 Nd4 21.
Bb2 Rad8 22. Bxd4 Rxd4 23. Ke2 Bh6 24. Nf2 f5 25. Rhe1 Kf7 26. Kf1 Bf8 27. Be2
fxe4 28. fxe4 a5 29. Rxd4 Rxd4 30. Rd1 Bc5 31. Rxd4 Bxd4 32. Bf3 Bc6 33. a4
Bxf2 34. Kxf2 e5 35. Ke3 Ke6 36. Kd3 Kd6 37. g4 g5 38. h3 h6 39. Kc3 Kc5 40.
Bg2 Bb7 41. Bf3 1/2-1/2

[Event "European Youth Chess Championship B18"]
[Site "Prague, Top Hotel Prague"]
[Date "2012.08.25"]
[Round "9.22"]
[White "Blazeka, Matej"]
[Black "Lis, Marek"]
[Result "1-0"]
[WhiteElo "2245"]
[BlackElo "2162"]
[PlyCount "57"]
[EventDate "2012.08.17"]

1. e4 c5 2. Nf3 Nc6 3. Bb5 g6 4. O-O Bg7 5. Re1 e5 6. c3 Nge7 7. d3 O-O 8. Nbd2
d6 9. a3 h6 10. b4 a6 11. Ba4 g5 12. Nf1 f5 13. exf5 cxb4 14. axb4 Bxf5 15. Ne3
Bg6 16. d4 Bh5 17. g4 Bg6 18. d5 e4 19. dxc6 Rxf3 20. cxb7 Ra7 21. Ra3 Rxb7 22.
Bb3+ Kh7 23. Rxa6 Bxc3 24. Rxd6 Qf8 25. Re2 Be5 26. Re6 Bb8 27. Nd5 Rh3 28.
Nf6+ Kh8 29. Bb2 1-0

[Event "European Youth Chess Championship B18"]
[Site "Prague, Top Hotel Prague"]
[Date "2012.08.25"]
[Round "9.23"]
[White "Horvat, Dan-Sebastian"]
[Black "Mcclement, Andrew"]
[Result "0-1"]
[WhiteElo "2242"]
[BlackElo "2088"]
[PlyCount "64"]
[EventDate "2012.08.17"]

1. e4 c5 2. Nf3 d6 3. d4 cxd4 4. Nxd4 Nf6 5. Nc3 e6 6. Be2 a6 7. O-O Be7 8. f4
Qc7 9. Kh1 O-O 10. Qe1 b5 11. Bf3 Bb7 12. e5 dxe5 13. fxe5 Nfd7 14. Qg3 Kh8 15.
Bf4 Nc6 16. Nxc6 Bxc6 17. Ne4 Rad8 18. Rae1 Nc5 19. Ng5 h6 20. Bxc6 hxg5 21.
Bxg5 Bxg5 22. Qxg5 Qxc6 23. Re3 f5 24. Rh3+ Kg8 25. Qg6 Qd7 26. Rh6 Rf7 27. h3
Ne4 28. Rf4 Kf8 29. Rh7 Qd1+ 30. Kh2 Qd2 31. Rfh4 Qg5 32. R4h6 Qf4+ 0-1

[Event "European Youth Chess Championship B18"]
[Site "Prague, Top Hotel Prague"]
[Date "2012.08.25"]
[Round "9.24"]
[White "Schreiner, Till"]
[Black "Papakonstantinou, Dimitrios"]
[Result "0-1"]
[WhiteElo "2234"]
[BlackElo "2129"]
[PlyCount "108"]
[EventDate "2012.08.17"]

1. d4 Nf6 2. c4 g6 3. Nf3 Bg7 4. g3 O-O 5. Bg2 d6 6. O-O Nbd7 7. Nc3 e5 8. e4
c6 9. h3 Qb6 10. d5 Nc5 11. Qe2 cxd5 12. cxd5 Bd7 13. Be3 Rfc8 14. Rfc1 a5 15.
Nd2 Ne8 16. Kh2 f5 17. exf5 gxf5 18. f4 Qd8 19. Rf1 a4 20. fxe5 dxe5 21. Nf3 e4
22. Nd4 Nd6 23. Nc6 bxc6 24. Bxc5 Nf7 25. Rad1 Qg5 26. Qf2 Ne5 27. dxc6 Rxc6
28. Bd4 Be6 29. Qf4 Qxf4 30. Rxf4 Rc4 31. Rff1 Rxd4 32. Rxd4 Nf3+ 33. Bxf3 Bxd4
34. Be2 Bxc3 35. bxc3 Bxa2 36. Ra1 Bb3 37. Kg2 Kf7 38. Kf2 Ke6 39. Ra3 Ke5 40.
Bb5 Ra5 41. Bc6 f4 42. gxf4+ Kxf4 43. Ke2 e3 44. Kd3 Ra6 45. Bb5 Rd6+ 46. Ke2
Rd2+ 47. Ke1 Rh2 48. Rxa4+ Bxa4 49. Bxa4 Rxh3 50. c4 Rh1+ 51. Ke2 Rh2+ 52. Ke1
e2 53. Bc6 Ke3 54. c5 Rf2 0-1

[Event "European Youth Chess Championship B18"]
[Site "Prague, Top Hotel Prague"]
[Date "2012.08.25"]
[Round "9.25"]
[White "Guttulsrud, Odd Martin"]
[Black "Sofranov, Velizar"]
[Result "1/2-1/2"]
[WhiteElo "2172"]
[BlackElo "2218"]
[PlyCount "78"]
[EventDate "2012.08.17"]

1. e4 e5 2. Nf3 Nc6 3. Bb5 a6 4. Ba4 Nge7 5. Nc3 d6 6. a3 Ng6 7. Nd5 Bd7 8. c3
Be7 9. d3 O-O 10. Bb3 Nh4 11. Nxe7+ Qxe7 12. Nxh4 Qxh4 13. O-O Qe7 14. f4 exf4
15. Bxf4 Be6 16. Bc2 Ne5 17. d4 Ng6 18. Bg3 Qg5 19. Qf3 Rae8 20. Rf2 Bg4 21.
Qd3 Bd7 22. e5 dxe5 23. Bxe5 Rc8 24. Bg3 Be6 25. Re1 Rfe8 26. c4 c6 27. Rd1
Rcd8 28. b3 Rd7 29. h3 Red8 30. Kh2 Qh5 31. Qe4 Qg5 32. a4 Qh5 33. Rfd2 Qg5 34.
Re2 Qh5 35. Red2 Qg5 36. Re2 Qh5 37. Red2 Qg5 38. Re2 Qh5 39. Red2 Qg5 1/2-1/2

[Event "European Youth Chess Championship B18"]
[Site "Prague, Top Hotel Prague"]
[Date "2012.08.25"]
[Round "9.26"]
[White "Nadirashvili, Shalva"]
[Black "Van Overdam, Julian"]
[Result "0-1"]
[WhiteElo "2151"]
[BlackElo "2273"]
[PlyCount "68"]
[EventDate "2012.08.17"]

1. d4 Nf6 2. c4 e6 3. g3 Bb4+ 4. Bd2 Qe7 5. Bg2 Nc6 6. Nf3 O-O 7. O-O Bxd2 8.
Qxd2 d6 9. Nc3 a5 10. a3 e5 11. d5 Nb8 12. b4 Nbd7 13. e4 Ne8 14. Nh4 g6 15.
Rac1 axb4 16. axb4 c5 17. dxc6 bxc6 18. b5 Bb7 19. Rfd1 Nc5 20. bxc6 Bxc6 21.
Nd5 Bxd5 22. Qxd5 Ra6 23. Re1 Nc7 24. Qd1 N7e6 25. Nf3 Rb8 26. Rb1 Rxb1 27.
Qxb1 Qa7 28. Bh3 Ra3 29. Bxe6 Rxf3 30. Bg4 Nd3 31. Rd1 Rxf2 32. c5 Rb2 33. Qxd3
Qxc5+ 34. Kh1 Qf2 0-1